01116nam a2200277 a 4500001000400000003001000004005001700014008004100031020001800072040002500090080002100115090003000136100003100166245017700197250001100374260003400385300003300419504003600452590004600488650004800534650004100582650004000623942001200663952015000675999001300825783BR-CuiBMT20231117155928.0231113s2007 spba 001 0 por d a9788522447978 aBR-CuiBMTcBR-CuiBMT a352:336.1422007 a352:336.14bA553cc3. ed.1 aAndrade, Nilton de Aquino 10aContabilidade pública na gestão municipal :bmétodos com base na LC n° 101/00 e nas classificações contábeis advindas da SOF e STN /cNilton de Aquino Andrade. a3. ed. aSão Paulo :bAtlas,cc2007. axvii, 327 p. :bil. ;c24 cm aInclui bibliografia e índice. aA Biblioteca possui a 2. reimpr. de 2008. aFinanças públicasxPlanejamentozBrasil aFinanças públicasxContabilidade aAdministração municipalzBrasil 2udccLV 00102udc4070aBIBTCEMTbBIBTCEMTd2008-09-23l0o352:336.14 A553c 3. ed.pBIBTCEMT23110697r2023-11-17tEx. 1w2023-11-17yLVz2. reimpr. 2008 c783d783